000 00714cab a2200205 4500
001 WB3139-22
008 090401t1995 xxu||||| |||| 00| 0 eng d
035 _a(Sirsi) u2745
041 _aeng
245 _aHouses cooled by the sun
260 _c1995
350 _a0
490 _aSunday Telegraph
_v15 October 1995, 18(1)
520 _aA new air-conditioning system powered by the sun is both environmentally friendly and energy efficient.
650 _aBUILT ENVIRONMENT-BUILDING ELEMENTS-COMPLETE BUILDING SERVICES ELEMENTS-COMPLETE HEATING, VENTILATION AND AIR CONDITIONING SYSTEMS
650 _aSOLAR ENERGY
690 _aENVIRONMENTAL AND LAND CONSULTANCY-ENERGY
942 _n0
948 _c04/03/1997
999 _c1653
_d1653